000
00332nam a22001577a 4500
008
210305b ||||| |||| 00| 0 eng d
020
_a
0060439289
041
_a
eng
080
_a
51
_x
51
080
_2
51
_a
51
082
_2
51
100
_a
37
101
_a
MAT
245
_a
Before Calculus
_c
Louis Leithold
942
_2
udc
_c
BK
999
_c
55814
_d
55814